000 00307nam a2200133 i 4500
001 bg
100 1 _aMIELCZAREK, Z.
245 0 _aKonstrukcje drewniane.
_nCz.1 /
_cZ. Mielczarek.
260 _aSzczecin,
_c1987.
040 _cBPK
041 _apol
942 _cKS
008 s pl f |000 0 pol
999 _c3698
_d3698
856 _uhttp://koha.tu.koszalin.pl/cgi-bin/koha/opac-detail.pl?biblionumber=3698
_yKatalog online BPK